000 00548nam a22001817a 4500
005 20251108164812.0
008 250721s1984 xx 000 0 ara d
082 1 4 _a852/بتي
100 1 _aبتي، أوجو
245 1 0 _aإنحراف في قصر العداله /
264 1 _aالكويت :
_bوزارة الإعلام،
_c1984.
300 _a164ص.
490 0 _aمن المسرح العالمي ؛178
650 1 7 _aالمسرحيات الإيطالية
700 1 _aأردش، سعد
_eترجمة
942 _2ddc
_cBK
999 _c14720
_d14720